[Event "1516LLO"]
[Site "Mecklenburg-Vorpommern"]
[Date "2016.01.17"]
[Round "5.3"]
[White "Nauschuetz, Ernst"]
[Black "Wichert, Till"]
[Result "0-1"]
[WhiteElo "1853"]
[BlackElo "1598"]
[PlyCount "92"]
[EventType "team-tourn"]
[EventRounds "9"]
[EventCountry "GER"]
[SourceDate "2015.09.20"]
[WhiteTeam "Greifswalder SV II "]
[BlackTeam "SV Rugia Bergen"]
[WhiteTeamCountry "GER"]
[BlackTeamCountry "GER"]

1. c4 f5 2. g3 Nf6 3. Bg2 d6 4. Nc3 e5 5. d3 Be7 6. e4 c6 7. Nge2 O-O 8. O-O
Qe8 9. exf5 Bxf5 10. d4 Qh5 11. f3 Bh3 12. g4 Qh4 13. Be3 Bxg2 14. Kxg2 e4 15.
h3 exf3+ 16. Rxf3 Na6 17. Qd2 Nxg4 18. Rxf8+ Rxf8 19. hxg4 Qxg4+ 20. Ng3 Bh4
21. Nce2 Rf3 22. Bf4 Nb4 23. Rh1 Bxg3 24. Bxg3 Rd3 25. Qxb4 Qxe2+ 26. Bf2 Qe4+
27. Kh2 Qg4 28. Qc3 Rxc3 29. bxc3 Qe2 30. Kg2 Qxc4 31. Rb1 b5 32. Re1 Kf7 33.
Bh4 Qxa2+ 34. Kh3 Qe6+ 35. Rxe6 Kxe6 36. Bd8 Kd5 37. Kg4 Kc4 38. Ba5 c5 39.
dxc5 dxc5 40. Kf3 b4 41. cxb4 cxb4 42. Ke2 g5 43. Bd8 g4 44. Bh4 a5 45. Kd2 Kb3
46. Bg3 Ka2 0-1

[Event "1516LLO"]
[Site "Mecklenburg-Vorpommern"]
[Date "2016.01.17"]
[Round "5.4"]
[White "Pawlowicz, Wolfgang"]
[Black "Grehl, Tino"]
[Result "1/2-1/2"]
[WhiteElo "1689"]
[BlackElo "1822"]
[PlyCount "31"]
[EventType "team-tourn"]
[EventRounds "9"]
[EventCountry "GER"]
[SourceDate "2015.09.20"]
[WhiteTeam "SV Rugia Bergen"]
[BlackTeam "Greifswalder SV II "]
[WhiteTeamCountry "GER"]
[BlackTeamCountry "GER"]

1. c4 e5 2. Nc3 Nf6 3. g3 Bb4 4. Bg2 Nc6 5. a3 Bxc3 6. dxc3 h6 7. b4 Qe7 8. e4
d6 9. Qd3 Be6 10. Nf3 Nd7 11. Be3 O-O 12. O-O Nb6 13. Nd2 f5 14. Bxb6 axb6 15.
exf5 Bxf5 16. Qe2 1/2-1/2

[Event "1516LLO"]
[Site "Mecklenburg-Vorpommern"]
[Date "2016.01.17"]
[Round "5.5"]
[White "Kriese, Ralf"]
[Black "Rosenbusch, Robert Mario"]
[Result "1/2-1/2"]
[WhiteElo "1629"]
[BlackElo "1701"]
[PlyCount "34"]
[EventType "team-tourn"]
[EventRounds "9"]
[EventCountry "GER"]
[SourceDate "2015.09.20"]
[WhiteTeam "Greifswalder SV II "]
[BlackTeam "SV Rugia Bergen"]
[WhiteTeamCountry "GER"]
[BlackTeamCountry "GER"]

1. e4 e6 2. d4 d5 3. exd5 exd5 4. Bd3 Bd6 5. Nf3 Bg4 6. Bg5 $2 f6 $2 (6... Bxf3
7. Qxf3 (7. Bxd8 Bxd1 8. Bxc7 Bxc2 9. Bxd6 Bxd3) 7... Qxg5) 7. Bh4 Nc6 8. c3 g5
9. Bg3 Qd7 10. Bxd6 Qxd6 11. h3 Bd7 12. Qe2+ Nge7 13. Nbd2 O-O-O 14. O-O-O Rde8
15. Nf1 Ng6 16. Ne3 Nf4 17. Qc2 Nxd3+ 1/2-1/2

[Event "1516LLO"]
[Site "Mecklenburg-Vorpommern"]
[Date "2016.01.17"]
[Round "5.6"]
[White "Pawlowicz, Karsten"]
[Black "Zimmermann, Bernd"]
[Result "1/2-1/2"]
[WhiteElo "1619"]
[BlackElo "1646"]
[PlyCount "29"]
[EventType "team-tourn"]
[EventRounds "9"]
[EventCountry "GER"]
[SourceDate "2015.09.20"]
[WhiteTeam "SV Rugia Bergen"]
[BlackTeam "Greifswalder SV II "]
[WhiteTeamCountry "GER"]
[BlackTeamCountry "GER"]

1. e4 Nf6 2. e5 Nd5 3. c4 Nb6 4. Nc3 d6 5. exd6 exd6 6. d4 Be7 7. Be3 N8d7 8.
Nf3 Nf6 9. h3 h6 10. Bd3 c6 11. Qd2 Be6 12. b3 a5 13. a4 d5 14. c5 Nbd7 15. O-O
1/2-1/2

[Event "1516LLO"]
[Site "Mecklenburg-Vorpommern"]
[Date "2016.01.17"]
[Round "5.7"]
[White "Motullo, Jens"]
[Black "Tabbert, Dirk"]
[Result "1-0"]
[WhiteElo "1646"]
[BlackElo "1602"]
[PlyCount "49"]
[EventType "team-tourn"]
[EventRounds "9"]
[EventCountry "GER"]
[SourceDate "2015.09.20"]
[WhiteTeam "Greifswalder SV II "]
[BlackTeam "SV Rugia Bergen"]
[WhiteTeamCountry "GER"]
[BlackTeamCountry "GER"]

1. e4 c6 2. Bc4 d5 3. Bb3 Nf6 4. e5 Ne4 5. d4 e6 6. h4 Be7 7. Qg4 O-O 8. Bh6
Bf6 9. f3 Nd6 10. exf6 Qxf6 11. Bg5 Qf5 12. Be7 Qxg4 13. fxg4 Ne4 14. Bxf8 Kxf8
15. Nd2 f5 16. gxf5 exf5 17. Nxe4 dxe4 18. Ne2 Na6 19. O-O g6 20. g4 Kg7 21.
gxf5 gxf5 22. Ng3 Kg6 23. Rf4 Bd7 24. Raf1 Rf8 25. Nxe4 1-0

[Event "1516LLO"]
[Site "Mecklenburg-Vorpommern"]
[Date "2016.01.17"]
[Round "5.8"]
[White "Scheel, Manfred"]
[Black "Dombrowski, Frank"]
[Result "0-1"]
[WhiteElo "1592"]
[BlackElo "1988"]
[PlyCount "127"]
[EventType "team-tourn"]
[EventRounds "9"]
[EventCountry "GER"]
[SourceDate "2015.09.20"]
[WhiteTeam "SV Rugia Bergen"]
[BlackTeam "Greifswalder SV II "]
[WhiteTeamCountry "GER"]
[BlackTeamCountry "GER"]

1. e4 c6 2. Nf3 d5 3. exd5 cxd5 4. d4 Bg4 5. Be2 Nf6 6. O-O e6 7. Ne5 Bxe2 8.
Qxe2 a6 9. Ng4 Nbd7 10. Nd2 Qc7 11. c3 Bd6 12. Nxf6+ Nxf6 13. h3 b5 14. Nf3 O-O
15. Bg5 Ne4 16. Bh4 h6 17. Ne5 Bxe5 18. dxe5 Qxe5 19. f3 Qf4 20. fxe4 Qxh4 21.
exd5 exd5 22. Qd3 Rad8 23. Rf5 d4 24. Raf1 dxc3 25. Qxc3 Qd4+ 26. Qxd4 Rxd4 27.
R1f2 f6 28. Rc5 Rfd8 29. Re2 Kf7 30. Rc7+ R8d7 31. Rec2 h5 32. b3 Ke6 33. Re2+
Kd6 34. Rcc2 Kd5 35. Kh2 Rd6 36. Re7 g5 37. Ree2 Re6 38. Rf2 Kd6 39. g3 Rd3 40.
Rc8 Ke7 41. Rh8 Ree3 42. Rxh5 Rxg3 43. Rh6 Rgf3 44. Rc2 Ke6 45. Kg2 Rf4 46.
Rc6+ Rd6 47. Rc2 Ke5 48. Re2+ Kd4 49. Rd2+ Kc5 50. Rxd6 Kxd6 51. Kg3 Ke5 52.
Rh5 Rd4 53. Kf3 Kf5 54. Ke3 Rh4 55. Rxh4 gxh4 56. a4 bxa4 57. bxa4 Ke5 58. a5
f5 59. Kf3 f4 60. Kg4 Ke4 61. Kxh4 f3 62. Kg3 Ke3 63. h4 f2 64. h5 0-1

[Event "1516LLO"]
[Site "Mecklenburg-Vorpommern"]
[Date "2016.01.17"]
[Round "5.1"]
[White "Dupke, Andreas"]
[Black "Reinke, Thomas"]
[Result "0-1"]
[WhiteElo "1791"]
[BlackElo "1886"]
[PlyCount "110"]
[EventType "team-tourn"]
[EventRounds "9"]
[EventCountry "GER"]
[SourceDate "2015.09.20"]
[WhiteTeam "SG Neubrandenburg III"]
[BlackTeam "SV Motor Wolgast"]
[WhiteTeamCountry "GER"]
[BlackTeamCountry "GER"]

1. e4 e6 2. d4 d5 3. Nd2 dxe4 4. Nxe4 Nd7 5. Nf3 Be7 6. Be2 Ngf6 7. Nxf6+ Nxf6
8. Ne5 c5 9. Be3 cxd4 10. Qxd4 Qxd4 11. Bxd4 O-O 12. Bf3 Rd8 13. O-O-O Nd5 14.
c4 Nc7 15. Bc5 Rxd1+ 16. Rxd1 Bxc5 17. Rd8+ Bf8 18. c5 f6 19. Nc4 e5 20. Nb6
axb6 21. cxb6 Ne6 22. Bd5 Ra6 23. Rxc8 Rxb6 24. a4 Kf7 25. a5 Ra6 26. Rc7+ Kg6
27. Bxe6 Rxe6 28. Rxb7 Bc5 29. f3 Rc6 30. Kd2 Bd4 31. b4 Rc3 32. a6 Ra3 33. b5
Ra2+ 34. Kd3 Rxg2 35. b6 Ra2 36. a7 Bxb6 37. Rxb6 Rxa7 38. Ke3 Ra2 39. h4 Ra4
40. Kf2 Rxh4 41. Kg3 Rf4 42. Rb7 h5 43. Ra7 h4+ 44. Kh3 Rxf3+ 45. Kxh4 Kh6 46.
Ra8 g5+ 47. Kg4 Rf4+ 48. Kg3 e4 49. Rh8+ Kg6 50. Re8 Rf3+ 51. Kg2 f5 52. Re6+
Kh5 53. Rf6 Kg4 54. Rf7 f4 55. Rg7 Rb3 0-1

[Event "1516LLO"]
[Site "Mecklenburg-Vorpommern"]
[Date "2016.01.17"]
[Round "5.2"]
[White "Schubert, Volker"]
[Black "Stock, Joachim"]
[Result "1/2-1/2"]
[WhiteElo "1958"]
[BlackElo "1606"]
[PlyCount "75"]
[EventType "team-tourn"]
[EventRounds "9"]
[EventCountry "GER"]
[SourceDate "2015.09.20"]
[WhiteTeam "SV Motor Wolgast"]
[BlackTeam "SG Neubrandenburg III"]
[WhiteTeamCountry "GER"]
[BlackTeamCountry "GER"]

1. d4 Nf6 2. c4 e6 3. g3 c6 4. Bg2 Na6 5. Nf3 Nc7 6. O-O Be7 7. Qc2 O-O 8. e4
d5 9. Nbd2 dxe4 10. Nxe4 Nxe4 11. Qxe4 Bf6 12. Be3 Ne8 13. Rfd1 Nd6 14. Qd3 Nf5
15. Bf4 Ne7 16. g4 Ng6 17. Bg3 Nh4 18. Nxh4 Bxh4 19. Rac1 Bxg3 20. Qxg3 Qe7 21.
d5 cxd5 22. cxd5 exd5 23. Rc7 Qb4 24. Bxd5 Qxg4 25. Qxg4 Bxg4 26. Rd4 Bh5 27.
Bxb7 Rab8 28. b4 Rfd8 29. Rxd8+ Rxd8 30. b5 Be2 31. a4 h5 32. Rc8 Rxc8 33. Bxc8
Kf8 34. Kg2 Ke7 35. h4 Kd6 36. Kg3 Kc5 37. Bd7 a5 38. bxa6 1/2-1/2

[Event "1516LLO"]
[Site "Mecklenburg-Vorpommern"]
[Date "2016.01.17"]
[Round "5.3"]
[White "Peters, Hans Joachim"]
[Black "Riebort, Frank"]
[Result "1-0"]
[WhiteElo "1748"]
[BlackElo "1884"]
[PlyCount "43"]
[EventType "team-tourn"]
[EventRounds "9"]
[EventCountry "GER"]
[SourceDate "2015.09.20"]
[WhiteTeam "SG Neubrandenburg III"]
[BlackTeam "SV Motor Wolgast"]
[WhiteTeamCountry "GER"]
[BlackTeamCountry "GER"]

1. e4 e5 2. Nf3 Nf6 3. Nxe5 d6 4. Nf3 Nxe4 5. d4 d5 6. Bd3 Be7 7. O-O Bg4 8. c4
Nc6 9. cxd5 Qxd5 10. Re1 Nd6 11. Nc3 Qh5 12. Be2 O-O 13. h3 Bxf3 14. Bxf3 Qh4
15. g3 Qxd4 16. Bxc6 Qxd1 17. Nxd1 Bf6 18. Bf3 Rfe8 19. Rxe8+ Rxe8 20. Kf1 c6
21. Bd2 Nb5 22. Be3 1-0

[Event "1516LLO"]
[Site "Mecklenburg-Vorpommern"]
[Date "2016.01.17"]
[Round "5.4"]
[White "Rosin, Ralf"]
[Black "Hollender, Dirk"]
[Result "0-1"]
[WhiteElo "1730"]
[BlackElo "1679"]
[PlyCount "58"]
[EventType "team-tourn"]
[EventRounds "9"]
[EventCountry "GER"]
[SourceDate "2015.09.20"]
[WhiteTeam "SV Motor Wolgast"]
[BlackTeam "SG Neubrandenburg III"]
[WhiteTeamCountry "GER"]
[BlackTeamCountry "GER"]

1. Nf3 Nf6 2. c4 e6 3. Nc3 d5 4. e3 c6 5. cxd5 exd5 6. d4 Bd6 7. Bd3 Bg4 8. h3
Bh5 9. Bd2 Nbd7 10. Qc2 Bg6 11. Bxg6 hxg6 12. O-O-O Qe7 13. e4 dxe4 14. Rhe1
O-O-O 15. Nxe4 Nxe4 16. Rxe4 Qf8 17. d5 c5 18. Ra4 Kb8 19. Be3 Nb6 20. Re4 Rh5
21. Ng5 Nd7 22. g3 Be7 23. Bf4+ Ka8 24. h4 Nf6 25. Ra4 Nxd5 26. Rxa7+ Kxa7 27.
Qa4+ Kb6 28. Rxd5 Bxg5 29. Rxd8 Bxf4+ 0-1

[Event "1516LLO"]
[Site "Mecklenburg-Vorpommern"]
[Date "2016.01.17"]
[Round "5.5"]
[White "Mietz, Wolfgang"]
[Black "Klotzsche, Stefan"]
[Result "0-1"]
[WhiteElo "1616"]
[BlackElo "1745"]
[PlyCount "56"]
[EventType "team-tourn"]
[EventRounds "9"]
[EventCountry "GER"]
[SourceDate "2015.09.20"]
[WhiteTeam "SG Neubrandenburg III"]
[BlackTeam "SV Motor Wolgast"]
[WhiteTeamCountry "GER"]
[BlackTeamCountry "GER"]

1. d4 Nf6 2. c4 g6 3. Nc3 Bg7 4. e4 d6 5. Be2 O-O 6. Be3 a6 7. Qd2 Nc6 8. f3 e5
9. d5 Ne7 10. Bd3 Ne8 11. g4 f5 12. O-O-O fxg4 13. f4 exf4 14. Bxf4 Bd7 15.
Nge2 b5 16. a3 Qb8 17. Na2 c5 18. Rdf1 Nf6 19. Ng3 Ra7 20. Qa5 bxc4 21. Bxd6
Qxd6 22. Bxc4 Rb8 23. Rf2 Nh5 24. Nxh5 gxh5 25. Nc3 Ng6 26. Rhf1 Ne5 27. Be2
Rab7 28. Rd1 Rxb2 0-1

[Event "1516LLO"]
[Site "Mecklenburg-Vorpommern"]
[Date "2016.01.17"]
[Round "5.6"]
[White "Schellner, Ulf"]
[Black "Gloeckner, Jan"]
[Result "1-0"]
[WhiteElo "1624"]
[BlackElo "1523"]
[PlyCount "49"]
[EventType "team-tourn"]
[EventRounds "9"]
[EventCountry "GER"]
[SourceDate "2015.09.20"]
[WhiteTeam "SV Motor Wolgast"]
[BlackTeam "SG Neubrandenburg III"]
[WhiteTeamCountry "GER"]
[BlackTeamCountry "GER"]

1. d4 d5 2. c4 e5 3. dxe5 d4 4. Nf3 Nc6 5. g3 Bg4 6. Bg2 Qd7 7. O-O h5 8. Bf4
Be7 9. Qd3 h4 10. gxh4 Bxh4 11. Nxh4 Rxh4 12. Bg3 Rh5 13. Na3 Nh6 14. Nb5 Nxe5
15. Qxd4 Qxd4 16. Nxd4 O-O-O 17. e3 f6 18. b4 Nf5 19. Nxf5 Bxf5 20. c5 Bh3 21.
Rfd1 Rdh8 22. Rd4 Bg4 23. Bxe5 fxe5 24. Rxg4 Rxh2 25. Rd1 1-0

[Event "1516LLO"]
[Site "Mecklenburg-Vorpommern"]
[Date "2016.01.17"]
[Round "5.7"]
[White "Schulz, Daniel"]
[Black "Tarasow, Alexey"]
[Result "0-1"]
[WhiteElo "1573"]
[BlackElo "1741"]
[PlyCount "52"]
[EventType "team-tourn"]
[EventRounds "9"]
[EventCountry "GER"]
[SourceDate "2015.09.20"]
[WhiteTeam "SG Neubrandenburg III"]
[BlackTeam "SV Motor Wolgast"]
[WhiteTeamCountry "GER"]
[BlackTeamCountry "GER"]

1. e4 c5 2. c3 d5 3. exd5 Qxd5 4. d4 Nf6 5. Nf3 Bg4 6. Be2 e6 7. O-O Be7 8. Be3
Nbd7 9. Na3 a6 10. dxc5 Nxc5 11. Nc4 Bxf3 12. gxf3 Rd8 13. b4 Ncd7 14. Qc2 O-O
15. Rad1 Qc6 16. a3 Nd5 17. Rd3 Qxc4 18. Rd4 Qxc3 19. Qe4 Nxe3 20. fxe3 Nf6 21.
Qf4 Nh5 22. Qe4 Rxd4 23. exd4 Nf6 24. Qxb7 Qe3+ 25. Rf2 Nd5 26. Qxa6 Bh4 0-1

[Event "1516LLO"]
[Site "Mecklenburg-Vorpommern"]
[Date "2016.01.17"]
[Round "5.8"]
[White "Lange, Jannis"]
[Black "Martau, Valentin"]
[Result "1-0"]
[WhiteElo "1610"]
[BlackElo "1376"]
[PlyCount "57"]
[EventType "team-tourn"]
[EventRounds "9"]
[EventCountry "GER"]
[SourceDate "2015.09.20"]
[WhiteTeam "SV Motor Wolgast"]
[BlackTeam "SG Neubrandenburg III"]
[WhiteTeamCountry "GER"]
[BlackTeamCountry "GER"]

1. e4 e5 2. Nf3 Nc6 3. Bc4 Bc5 4. c3 Na5 5. Be2 Nc6 6. b4 Bb6 7. d3 Nf6 8. b5
Ne7 9. Nxe5 d5 10. exd5 Qxd5 11. Nf3 Qxb5 12. d4 Qd5 13. Qb3 Qe4 14. Nbd2 Qe6
15. Ne5 Qxb3 16. axb3 O-O 17. Ba3 Re8 18. O-O Ng6 19. f4 Nd7 20. Bc4 Ndxe5 21.
fxe5 c6 22. Bxf7+ Kh8 23. Bxe8 Be6 24. Bxg6 hxg6 25. Rf8+ Rxf8 26. Bxf8 Kg8 27.
Bc5 Bxc5 28. dxc5 Kf7 29. Rxa7 1-0

[Event "1516LLO"]
[Site "Mecklenburg-Vorpommern"]
[Date "2016.01.17"]
[Round "5.1"]
[White "Schwarz, Eckhard"]
[Black "Paulowitz, Bernd Rainer"]
[Result "0-1"]
[WhiteElo "1861"]
[BlackElo "1887"]
[PlyCount "194"]
[EventType "team-tourn"]
[EventRounds "9"]
[EventCountry "GER"]
[SourceDate "2015.09.20"]
[WhiteTeam "SV Waterkant Saal"]
[BlackTeam "FHSG Stralsund II"]
[WhiteTeamCountry "GER"]
[BlackTeamCountry "GER"]

1. c4 Nf6 2. Nf3 g6 3. g3 Bg7 4. Bg2 d6 5. O-O O-O 6. Nc3 c5 7. a3 Nc6 8. Rb1
Be6 9. d3 Rc8 10. Bd2 a5 11. h3 Bd7 12. Kh2 b6 13. Qc1 Re8 14. Bh6 Rb8 15. Bxg7
Kxg7 16. Nb5 Rf8 17. Qc3 Kg8 18. Nd2 Rc8 19. f4 Ne8 20. e4 Nc7 21. Nxc7 Qxc7
22. Nf3 e5 23. Ne1 f6 24. Nc2 Kg7 25. Ne3 Be6 26. f5 Bg8 27. fxg6 hxg6 28. Rf2
Nd4 29. Rbf1 Be6 30. Bf3 Nxf3+ 31. Rxf3 Rf7 32. Kg2 Qd7 33. g4 Rcf8 34. Qe1 Qe7
35. Qg3 Qd7 36. h4 Kg8 37. Rh1 Kg7 38. Rhf1 Qe7 39. h5 g5 40. Nf5+ Bxf5 41.
Rxf5 Rh8 42. Qf2 Rhf8 43. Qf3 Kh6 44. Qd1 Qd7 45. Qb3 Qc6 46. Kg3 Kg7 47. R5f2
Rh8 48. Qc2 Qd7 49. Rb1 Ra8 50. Qd1 b5 51. cxb5 Qxb5 52. Qf3 Qd7 53. Rc2 Rb8
54. Kf2 Qe6 55. Qf5 Qxf5+ 56. exf5 Rfb7 57. Ke3 Rb3 58. Ke4 Kf7 59. Kd5 Rxd3+
60. Kc6 e4 61. Rh1 e3 62. h6 Rh8 63. Kb5 Rd4 64. Re2 Re4 65. Kc6 Re5 66. Kxd6
c4 67. Rhh2 a4 68. Rc2 Re4 69. Kd5 Rxg4 70. Rc3 Rf4 71. Rxe3 Rc8 72. h7 Rxf5+
73. Kd4 Rf4+ 74. Kc3 Rh4 75. Rxh4 gxh4 76. Rh3 Rh8 77. Rxh4 Kg7 78. Rxc4 Rxh7
79. Rxa4 Kg6 80. Ra6 Kg5 81. b4 f5 82. Kd4 f4 83. b5 Rd7+ 84. Ke4 Re7+ 85. Kf3
Re3+ 86. Kf2 Rb3 87. a4 Rb2+ 88. Ke1 Kg4 89. Rg6+ Kf3 90. Rd6 Rb1+ 91. Kd2 Rb4
92. Rd3+ Kg2 93. Ra3 f3 94. Kc3 f2 95. Ra2 Rxa4 96. Rxf2+ (96. Rxa4 $3 f1=Q $11
) 96... Kxf2 97. b6 Ra6 0-1

[Event "1516LLO"]
[Site "Mecklenburg-Vorpommern"]
[Date "2016.01.17"]
[Round "5.2"]
[White "Rickmann, Niklas"]
[Black "Wiese, Frank"]
[Result "1/2-1/2"]
[WhiteElo "1686"]
[BlackElo "1887"]
[PlyCount "86"]
[EventType "team-tourn"]
[EventRounds "9"]
[EventCountry "GER"]
[SourceDate "2015.09.20"]
[WhiteTeam "FHSG Stralsund II"]
[BlackTeam "SV Waterkant Saal"]
[WhiteTeamCountry "GER"]
[BlackTeamCountry "GER"]

1. e4 c6 2. d4 d5 3. e5 c5 4. c3 Nc6 5. Nf3 Bg4 6. Be2 Bxf3 7. Bxf3 e6 8. Be3
Nge7 9. Na3 Nf5 10. Nc2 Qb6 11. Rb1 cxd4 12. cxd4 Bb4+ 13. Kf1 Nxe3+ 14. fxe3
Be7 15. g3 O-O 16. Kg2 f6 17. exf6 Rxf6 18. Qe2 Raf8 19. Rhf1 Bd6 20. b3 Qa5
21. e4 e5 22. exd5 Nxd4 23. Nxd4 exd4 24. Be4 d3 25. Qxd3 Qxa2+ 26. Qc2 Qxc2+
27. Bxc2 Bc5 28. Rxf6 Rxf6 29. Rf1 Ra6 30. Bb1 Ra3 31. Rf3 Ra1 32. Rf1 Ra3 33.
Rf3 Ra1 34. Bd3 g5 35. g4 Kg7 36. Bc4 Rg1+ 37. Kh3 h5 38. Rg3 Rxg3+ 39. hxg3
hxg4+ 40. Kxg4 Kf6 41. Bd3 a5 42. Bb5 b6 43. Bc6 Bd6 1/2-1/2

[Event "1516LLO"]
[Site "Mecklenburg-Vorpommern"]
[Date "2016.01.17"]
[Round "5.3"]
[White "Onasch, Gunnar"]
[Black "Jabbusch, Burkhard"]
[Result "1-0"]
[WhiteElo "1782"]
[BlackElo "1688"]
[PlyCount "67"]
[EventType "team-tourn"]
[EventRounds "9"]
[EventCountry "GER"]
[SourceDate "2015.09.20"]
[WhiteTeam "SV Waterkant Saal"]
[BlackTeam "FHSG Stralsund II"]
[WhiteTeamCountry "GER"]
[BlackTeamCountry "GER"]

1. d4 d5 2. c4 e6 3. Nf3 Be7 4. Nc3 c6 5. Bf4 f5 6. e3 Nf6 7. Be2 Bb4 8. O-O
O-O 9. a3 Bxc3 10. bxc3 Ne4 11. Qc2 h6 12. Ne1 Qa5 13. Bd3 Qxc3 14. Bxe4 Qxa1
15. Bd6 Rd8 16. Nf3 Qxf1+ 17. Kxf1 Rxd6 18. Bd3 Rd8 19. Qb1 Nd7 20. Qb4 Nf6 21.
Ne5 Re8 22. Qd6 Ne4 23. Qc7 Rf8 24. Ke2 a6 25. c5 Nf6 26. f3 h5 27. g3 Ne8 28.
Qe7 Nf6 29. h3 Rb8 30. Qc7 Ra8 31. g4 hxg4 32. hxg4 Ne8 33. Qe7 fxg4 34. Ng6
1-0

[Event "1516LLO"]
[Site "Mecklenburg-Vorpommern"]
[Date "2016.01.17"]
[Round "5.4"]
[White "Klinger, Clemens"]
[Black "Richter, Frank"]
[Result "1-0"]
[WhiteElo "1550"]
[BlackElo "1711"]
[PlyCount "53"]
[EventType "team-tourn"]
[EventRounds "9"]
[EventCountry "GER"]
[SourceDate "2015.09.20"]
[WhiteTeam "FHSG Stralsund II"]
[BlackTeam "SV Waterkant Saal"]
[WhiteTeamCountry "GER"]
[BlackTeamCountry "GER"]

1. e4 c6 2. d4 d5 3. Nc3 dxe4 4. Nxe4 Bf5 5. Ng3 Bg6 6. Nf3 Nd7 7. Bd3 Bxd3 8.
Qxd3 e6 9. O-O Ngf6 10. Bg5 h6 11. Bxf6 Nxf6 12. Rfe1 Be7 13. Rad1 O-O 14. c4
Qc7 15. h3 Rfd8 16. Qe3 Bb4 17. Rf1 Bd6 18. Ne4 Be7 19. Nxf6+ Bxf6 20. g4 Qe7
21. Rfe1 Qb4 22. b3 a5 23. h4 a4 24. g5 hxg5 25. hxg5 Be7 26. g6 fxg6 27. Qxe6+
1-0

[Event "1516LLO"]
[Site "Mecklenburg-Vorpommern"]
[Date "2016.01.17"]
[Round "5.5"]
[White "Nickel, Reimo"]
[Black "Loesche, Richard"]
[Result "1-0"]
[WhiteElo "1743"]
[BlackElo "1572"]
[PlyCount "46"]
[EventType "team-tourn"]
[EventRounds "9"]
[EventCountry "GER"]
[SourceDate "2015.09.20"]
[WhiteTeam "SV Waterkant Saal"]
[BlackTeam "FHSG Stralsund II"]
[WhiteTeamCountry "GER"]
[BlackTeamCountry "GER"]

1. d4 Nf6 2. c4 e6 3. Nf3 Bb4+ 4. Bd2 Nc6 5. e3 O-O 6. a3 Bxd2+ 7. Nbxd2 d5 8.
Bd3 Re8 9. O-O e5 10. dxe5 Nxe5 11. Nxe5 Rxe5 12. Nf3 Bg4 13. Be2 Re7 14. c5 c6
15. Nd4 Bxe2 16. Qxe2 Qd7 17. h3 Rae8 18. Rfe1 Ne4 19. b4 a6 20. Qf3 g6 21. Qf4
Re5 22. Rac1 Ng5 23. h4 Ne6 1-0

[Event "1516LLO"]
[Site "Mecklenburg-Vorpommern"]
[Date "2016.01.17"]
[Round "5.6"]
[White "Isigkeit, Hans Juergen"]
[Black "Ehmann, Roland"]
[Result "0-1"]
[WhiteElo "1530"]
[BlackElo "1554"]
[PlyCount "45"]
[EventType "team-tourn"]
[EventRounds "9"]
[EventCountry "GER"]
[SourceDate "2015.09.20"]
[WhiteTeam "FHSG Stralsund II"]
[BlackTeam "SV Waterkant Saal"]
[WhiteTeamCountry "GER"]
[BlackTeamCountry "GER"]

1. d4 d5 2. c4 c6 3. e3 e6 4. Nc3 f5 5. Nf3 Nf6 6. cxd5 exd5 7. Bd3 Bd6 8. O-O
O-O 9. Qc2 Ne4 10. g3 Nd7 11. Bxe4 fxe4 12. Ne1 Nf6 13. f4 Bh3 14. Ng2 Rc8 15.
Qb3 Qd7 16. Nd1 Ng4 17. Nf2 Nxf2 18. Rxf2 Be7 19. Bd2 Rf6 20. Rc1 Rcf8 21. Bb4
Rg6 22. Bxe7 Qxe7 23. Nh4 0-1

[Event "1516LLO"]
[Site "Mecklenburg-Vorpommern"]
[Date "2016.01.17"]
[Round "5.7"]
[White "Nickel, Udo"]
[Black "Schwandowski, Udo"]
[Result "1/2-1/2"]
[WhiteElo "1662"]
[BlackElo "1522"]
[PlyCount "74"]
[EventType "team-tourn"]
[EventRounds "9"]
[EventCountry "GER"]
[SourceDate "2015.09.20"]
[WhiteTeam "SV Waterkant Saal"]
[BlackTeam "FHSG Stralsund II"]
[WhiteTeamCountry "GER"]
[BlackTeamCountry "GER"]

1. d4 Nf6 2. c4 g6 3. Nc3 d5 4. Bf4 a6 5. e3 e6 6. Nf3 Be7 7. Bd3 Nc6 8. Bh6
Ng4 9. Bf4 O-O 10. h3 Nf6 11. O-O Re8 12. c5 b6 13. cxb6 cxb6 14. Rc1 Bb7 15.
a3 Kg7 16. Na4 Nd7 17. b4 b5 18. Nc5 Nxc5 19. dxc5 f6 20. Nd4 Nxd4 21. exd4 f5
22. Re1 Bg5 23. Qf3 Bxf4 24. Qxf4 g5 25. Qe5+ Qf6 26. Re2 Qxe5 27. Rxe5 Kf6 28.
Be2 Bc6 29. Bh5 Re7 30. Re3 a5 31. Rce1 axb4 32. axb4 Ra4 33. Rb1 Rea7 34. Reb3
Ra2 35. R1b2 Ra1+ 36. Kh2 Rc1 37. Be2 Raa1 1/2-1/2

[Event "1516LLO"]
[Site "Mecklenburg-Vorpommern"]
[Date "2016.01.17"]
[Round "5.8"]
[White "Troyke, Jannis"]
[Black "Hiltner, Harald"]
[Result "1-0"]
[WhiteElo "1381"]
[BlackElo "1565"]
[PlyCount "23"]
[EventType "team-tourn"]
[EventRounds "9"]
[EventCountry "GER"]
[SourceDate "2015.09.20"]
[WhiteTeam "FHSG Stralsund II"]
[BlackTeam "SV Waterkant Saal"]
[WhiteTeamCountry "GER"]
[BlackTeamCountry "GER"]

1. e4 e5 2. Nf3 Nc6 3. d4 exd4 4. Bc4 Be7 5. Nxd4 Nxd4 6. Qxd4 Bf6 7. e5 Be7 8.
Qd5 Bb4+ 9. c3 Bxc3+ 10. Nxc3 Qe7 11. O-O Qe6 12. Qd4 1-0

[Event "1516LLO"]
[Site "Mecklenburg-Vorpommern"]
[Date "2016.01.17"]
[Round "5.1"]
[White "Jeske, Holger"]
[Black "Luethke, Hans Eckart"]
[Result "0-1"]
[WhiteElo "1870"]
[BlackElo "2122"]
[PlyCount "52"]
[EventType "team-tourn"]
[EventRounds "9"]
[EventCountry "GER"]
[SourceDate "2015.09.20"]
[WhiteTeam "SSC Rostock 07 III"]
[BlackTeam "SSC Graal-Mueritz"]
[WhiteTeamCountry "GER"]
[BlackTeamCountry "GER"]

1. e4 c5 2. f4 Nc6 3. Nf3 e6 4. Be2 d5 5. e5 h5 6. g3 Nh6 7. O-O Be7 8. Ne1 g6
9. c3 Nf5 10. Na3 c4 11. Nac2 Qb6+ 12. Kh1 Bd7 13. Ng2 h4 14. Nxh4 Bxh4 15.
gxh4 Rxh4 16. Qe1 O-O-O 17. Kg2 Rdh8 18. Rh1 Rh3 19. Ne3 g5 20. Bg4 Nh4+ 21.
Kf2 gxf4 22. Bxh3 Nxe5 23. Qe2 Nhf3 24. Bg4 fxe3+ 25. dxe3 Nxh2 26. Bf3 Qd8 0-1

[Event "1516LLO"]
[Site "Mecklenburg-Vorpommern"]
[Date "2016.01.17"]
[Round "5.2"]
[White "Van Bentum, Horst"]
[Black "Maertin, Heinz"]
[Result "1/2-1/2"]
[WhiteElo "1925"]
[BlackElo "1732"]
[PlyCount "30"]
[EventType "team-tourn"]
[EventRounds "9"]
[EventCountry "GER"]
[SourceDate "2015.09.20"]
[WhiteTeam "SSC Graal-Mueritz"]
[BlackTeam "SSC Rostock 07 III"]
[WhiteTeamCountry "GER"]
[BlackTeamCountry "GER"]

1. e4 c5 2. Nf3 a6 3. b3 d6 4. Bb2 e6 5. Be2 Nf6 6. d3 Be7 7. Nbd2 Nbd7 8. O-O
O-O 9. a4 b6 10. Nc4 Bb7 11. e5 dxe5 12. Nfxe5 b5 13. Nxd7 Nxd7 14. Ne3 Bf6 15.
d4 bxa4 1/2-1/2